Quizzes
Events
Quiz Creation
Community
Videos
Private Events
Remove Ads
Sign In
Join for FREE
Feedback
Dark Mode
Quiz Categories
Sports
Geography
Music
Movies
Television
Just For Fun
Miscellaneous
History
Literature
Language
Science
Gaming
Entertainment
Religion
Holiday
For Kids
Quiz Lab
Recent
Popular Today
Quiz Kudos Today
Editor Picks
Curator Picks
Quizzes by...
Day
Popularity
Type
Ratings
Length
Year
Community
Subscriptions
Recent Discussions
Orange Saloon
Badges
Playlists
Quests
Create
Leaderboards
Showdown
Live 5
Trivia Bingo
Activity
Puzzle Library
Sporcle Events
Private Events
Virtual Trivia
Globe League
Become a Host
Pub Owners
SporcleCon
Opinionation
Our Games
Videos
Blog
Mobile Apps
Partnerships
Remove Ads and Go Orange
Feedback
Television
TV Characters
TV Show
Sitcom
Network
Friends
Reality Shows
Cast
South Park
Star Trek
The Simpsons
Doctor Who
Television
TV Characters
TV Show
Sitcom
Network
Friends
Reality Shows
Cast
South Park
Star Trek
The Simpsons
Doctor Who
Random Quiz
Search Sporcle
×
Quiz Lab
Quiz Lab
Television
Song
Type in answers that appear in a list
Type in answers that appear in a list
Classic
Best Score? Go Orange.
TV Themes US/UK Stats
Can you name the TV Themes US/UK?
By
JamFace
20m
72 Questions
577 Plays
577 Plays
577 Plays
Comments
Comments
Give Quiz Kudos
Give Quiz Kudos
-
- Ratings
hide this ad
More Info
Replay
Link that replays current quiz
Next Quiz
Link to next quiz in quiz playlist
You Got
0%
They Got
Avg Score
37%
Avg Friend Score
Upgrade to see
Score Distribution
Jump to the score distribution portion of the page
Score
0/72
Timer
20:00
0
Plays Today
Time
TV Show
% Correct
08.04
Friends
79.7%
00.42
Big Brother
79%
01.31
Happy Days
76.4%
04.55
X Files
75.6%
05.50
Countdown
75%
06.10
The Simpsons
75%
06.03
Family Guy
71.6%
07.22
The A Team
71.1%
01.03
Cheers
68.6%
04.46
Emmerdale
68.6%
03.38
The Big Bang Theory
66.4%
08.33
The Brady Bunch
64.6%
05.43
Vicar of Dibley
62.2%
03.14
Top Gear
61.9%
07.26
Doctor Who
58.9%
09.30
Scrubs
57.2%
05.04
Two and a Half Men
56.5%
06.16
Sex and the City
53%
06.39
Toys R Us
52.9%
02.07
Are You Being Served?
49.9%
01.33
Top of the Pops
49.6%
06.49
Knight Rider
49.4%
00.25
Absolutely Fabulous
49.2%
03.06
Keeping Up Appearances
49%
04.32
CSI
48.4%
03.45
Baywatch
47.7%
00.17
Mr Bean
47.3%
06.45
South Park
45.8%
07.50
Buffy the Vampire Slayer
44.2%
01.38
Blackadder
43.3%
01.41
Birds of a Feather
43.3%
06.56
Bewitched
43.3%
01.14
The Golden Girls
39.2%
04.00
Downton Abbey
39.2%
02.42
Charlie's Angels
38.8%
08.07
Little Britain
38.8%
Time
TV Show
% Correct
07.04
Eastenders
37.6%
08.44
ER
37.3%
10.32
Dawson's Creek
34.5%
02.27
Married With Children
33.8%
04.21
Desperate Housewives
33.3%
06.25
Will and Grace
33.1%
00.30
The Only Way is Essex
32.6%
00.00
The Monkees
32.1%
08.14
Two Pints of Lager
27.2%
11.03
Roseanne
27%
04.11
Mrs Brown's Boys
26.9%
08.23
True Blood
26.3%
00.12
Skins
25.5%
05.14
Charmed
25.5%
03.54
Bottom
25.3%
05.26
Angel
22.5%
01.54
Gimme Gimme Gimme
17.9%
02.54
Miranda
17.9%
06.33
Ugly Betty
17.9%
02.46
Firefly
13.9%
08.52
Heroes
13.9%
05.34
Stargate SG1
12.1%
03.18
Smallville
10.2%
10.24
999
10.1%
01.22
Roswell
9.7%
02.36
Dark Angel
5.7%
09.02
Xena Warrior Princess
5.7%
08.37
Joan of Arcadia
5.4%
03.34
Bad Girls
4.7%
09.42
Tales from the Crypt
4%
07.39
The Tribe
3.3%
01.57
Hex
2.6%
07.12
Hex
2.6%
04.38
The Secret Circle
1.6%
02.13
Man vs Wild
0.9%
05.57
Babylon 5
0.9%
Quiz Playlist
Details
Report
Send in Message
Add To Playlist
More Info:
Classic:
Type in answers that appear in a list
Last Updated: Feb 16, 2017
Quiz Scoreboard
CHALLENGE
Sign Up to Join the Scoreboard
Show All
Scores
Hide
Comments
May contain spoilers
Recently Published
Billboard Blitz: Fleetwood Mac
by CooCooCachoo
Music
15s
Presidents Visiting Landmarks
by Hejman
History
7m
An Introduction to Baseball
by treessimontrees
Sports
5m
More to Explore
Quiz From the Vault
Featured Blog Post
Where Did the Easter Bunny Come From?
hide this ad
You Might Also Like...
Tags
Song Quiz
TV Show Quiz
United States Quiz
British
hbo
intro
introduction
theme
Theme Songs
UK
Today's Top Quizzes in Television
Browse Television
hide this ad
Today's Top Quizzes in Song
Browse Song
Top Contributed Quizzes in Television
1
5-to-1: The Simpsons Families
2
5-to-1: Television Doctors
3
7-to-1: TV Show Settings
4
One Piece Logic Puzzle
5
5-to-1: Streaming Originals
6
Survivor Seasons
7
Survivor Logic Puzzle: Heroes vs. Villains
8
TV Shows by First Names
9
Survivor Season by Logo
10
Survivor Trivia
Explore More
Trending Topics
Marvel
Crossword
Harry Potter
NBA
Anime
Disney
Kpop
NFL
Puzzle
Song
WWE
Pokémon
The Office
Soccer
Country
hide this ad
More By:
JamFace
Quiz
Plays
Rating
Category
Featured
Created
Film Soundtrack Quiz
859
3.00
Movies
Aug 14, 2011
Children's Television Theme Quiz
646
4.67
Television
Dec 18, 2012
TV Themes US/UK
577
3.57
Television
Apr 1, 2012
Movie Soundtrack quiz #1
155
4.00
Entertainment
Jan 11, 2020
Go to Creator's Profile
Score Distribution
Quiz Creator Spotlight
JamFace
Follow
Send a Message
Quizzes Created
-
Created Quiz Play Count
-
More By This Creator
Popular Quizzes Today
1
Find the US States - No Outlines Minefield
2
Find the Countries of Europe - No Outlines Minefield
3
The Countries of the World
4
Find the US States
5
US States
6
Risky Map Clicking: Biggest States A-Z
7
Popular People in 1961
8
Movies - When Are They Set?
More Television Quizzes
TV Characters: Food Names (Clickable)
Curator's Pick
Trending Quizzes
Risky Map Clicking: Least Populous States A-Z
1-10 Letter G Words
1-10 Letter F Words
Risky Map Clicking: Next State Alphabetically
Risky Map Clicking: Biggest States A-Z
Recently Updated
Leaping Animals
pecheneg
Reality TV Shows (A-Z)
bhenderson79
Rickey Henderson's Hall of Fame Teammates
pecheneg
Champions League XIs: Arsenal
pecheneg
Quick Pick: Celebrities in WWE's Hall of Fame
aduchscher
A-Z Keypad Blitz II
pecheneg
Multiple Oscar Actors
pecheneg
Mystery Phrase Blitz: Oscar 'Best Actors'
pecheneg
F. Scott Fitzgerald Novels
LTH
Pick 3 Villains
ddd62291
Trending Topics
Marvel
NBA
Kpop
Anime
Crossword
Harry Potter
Disney
The Office
Country
WWE
Soccer
Pokémon
NFL
Song
Puzzle
Your Account Isn't Verified!
In order to create a playlist on Sporcle, you need to verify the email address you used during registration. Go to your
Sporcle Settings
to finish the process.
Report this User
Report this user for behavior that violates our
Community Guidelines
.
Details:
Send Report
Go to the Sporcle.com Mobile Site →
Comments